000 00753nam a22002897a 4500
001 BR2015004535
003 BR-BrBNA
005 20230928104715.0
007 ta
008 230509b bl.||||| |||| 00| 0 por d
040 _aBR-BrBNA
_bpor
_cBiblioteca Nacional de Agricultura
041 _a(Por)
072 _aB50; Q01
_b9725
090 _ 9725 BR2015004535
100 1 _aFoerster, P.J.E.
245 1 _aO fim da marcha aonde o boi vai, o charque vai atrás
260 3 _aRecife, PE (Brasil):
_c2015.
300 _a78 p.
500 _a36 ref.; 23 illus
650 _aCHARQUE
650 _aCARNE SECA
650 _aHISTÓRIA
650 _aPRODUÇÃO DE CARNE
650 _aCONSUMO
909 _a202309
_bLucia
_c55
_dLucia Elande
942 _cBK
999 _c81312
_d81312